00464nam a2200157 i 4500001000300000100001900003245003500022260002100057040000800078041000800086942000700094008004100101999001700142856009800159952004900257bg1 aRZYMKOWSKI, K. 0aMikroprocesy /cK. Rzymkowski. aWarszawa,c1979. cBPK apol cKS s pl f |000 0 pol  c20668d20668 uhttp://koha.tu.koszalin.pl/cgi-bin/koha/opac-detail.pl?biblionumber=20668yKatalog online BPK 00104070aBPKbBPKcwo29079p01238815yKS